| 000 | 005790000a22001810004500 | ||
|---|---|---|---|
| 003 | MACL | ||
| 005 | 20160304163341.0 | ||
| 008 | 160304b xxu||||| |||| 00| 0 eng d | ||
| 040 |
_aMACL _cMACL |
||
| 041 | _aHindi | ||
| 082 | _a800 | ||
| 100 |
_aव्यास गोपालप्रसाद _940382 |
||
| 245 | _aनारदजी खबर लाए हैं | ||
| 260 |
_bश्री हिन्दी साहित्य संसार _c1984 _aनई दिल्ली |
||
| 350 | _a30 | ||
| 650 |
_aLiterature _942807 |
||
| 942 |
_cHIN _k800 _2ddc |
||
| 999 |
_c28316 _d28316 |
||